| 000 | 01133nam a2200337 i 4500 | ||
|---|---|---|---|
| 001 | 26127 | ||
| 003 | KOSZ 005 | ||
| 005 | 20250523063414.0 | ||
| 008 | 051202s1974 pl a f |000 0 pol | ||
| 015 | _aPB 1974/5044 | ||
| 035 | _a(OCoLC)838833499 | ||
| 040 |
_aWA N _cWA N _dKOSZ 005/EC |
||
| 041 | 0 | _apol | |
| 046 | _k1968 | ||
| 080 | _a519 | ||
| 100 | 1 |
_aGreń, Jerzy _d(1936-1985) _eAutor |
|
| 245 | 1 | 0 |
_aStatystyka matematyczna : _bmodele i zadania / _cJerzy Greń. |
| 250 | _aWyd. 4 uzup. | ||
| 260 |
_aWarszawa : _bPaństwowe Wydaw. Naukowe, _c1974 : _f(Druk. Uniw. im. A. Mickiewicza). |
||
| 300 |
_a362, [1] s. : _btab., wykr. ; _c25 cm. |
||
| 380 | _aKsiążki. | ||
| 388 | _a1901-2000 | ||
| 388 | _a1945-1989 | ||
| 500 | _aWyd. poprz. pt. Modele i zadania statystyki matematycznej. | ||
| 504 | _aBibliogr. | ||
| 655 | 4 | _aĆwiczenia i zadania dla szkół wyższych | |
| 650 | 4 | _aStatystyka matematyczna | |
| 710 | 2 |
_aPaństwowe Wydawnictwo Naukowe _4pbl. |
|
| 856 |
_uhttp://koha.tu.koszalin.pl/cgi-bin/koha/opac-detail.pl?biblionumber=26127 _yKatalog online BPK |
||
| 942 |
_2UKD _cKS |
||
| 999 |
_c26127 _d26127 |
||